Záchrana Schindlerovej Archy v Brněnci, Česká republika

Saved in:
Bibliographic Details
Main Author: Bežová, Martina (Author)
Other Authors: Alexy, Andrej (Thesis advisor)
Format: Manuscript Book
Language:Slovak
Published: 2024
Subjects:
Online Access:http://is.stuba.sk/zp/portal_zp.pl?podrobnosti=178787
Tags: Add Tag
No Tags, Be the first to tag this record!

MARC

LEADER 00000ntm a22000003a 4500
001 stuzp98738
003 SK-STU
005 20240608212436.6
007 ta
008 150427s2015----xo-----f-mn---000-0-slo-d
040 |a STU  |b slo 
041 0 |a slo 
100 1 |a Bežová, Martina  |u 054140  |4 aut  |U FAD Fakulta architektúry a dizajnu  |T FAD Ústav konštrukcií v architektúre a inžinierskych stavieb  |X 99276  |U A4140  |Y 395  |7 99276 
242 0 1 |a Saving the Schindler's Ark in Brněnec, Czech Republic  |y eng 
245 1 0 |a Záchrana Schindlerovej Archy v Brněnci, Česká republika 
260 |c 2024 
650 4 |a Schindlerova archa  |2 slo 
650 4 |a Múzeum  |2 slo 
650 4 |a Rekonverzia  |2 slo 
650 4 |a Holokaust  |2 slo 
650 4 |a Schindler's Ark  |2 eng 
650 4 |a Museum  |2 eng 
650 4 |a Conversion  |2 eng 
650 4 |a Holocaust  |2 eng 
700 1 |a Alexy, Andrej  |u 054140  |k Z8  |4 ths  |U FAD Fakulta architektúry a dizajnu  |T FAD Ústav konštrukcií v architektúre a inžinierskych stavieb  |X 4185  |U A4140  |Y 395  |7 A000004185 
856 4 |u http://is.stuba.sk/zp/portal_zp.pl?podrobnosti=178787